[Event "Open"]
[Site "Szombathely HUN"]
[Date "2010.07.30"]
[Round "4"]
[White "Paseka,C"]
[Black "Csiszar,Z"]
[Result "0-1"]
[WhiteElo "1769"]
[BlackElo "2288"]

1.d4 Nf6 2.c4 e6 3.Nc3 Bb4 4.Nf3 O-O 5.Bg5 c5 6.e3 cxd4 7.exd4 d5 8.cxd5 exd5
9.Bxf6 Qxf6 10.Be2 Be6 11.O-O Nc6 12.a3 Bd6 13.Nb5 Bb8 14.Nc3 Rd8 15.Bb5 Bg4
16.Bxc6 bxc6 17.Qd3 Bxf3 18.Qxf3 Qxd4 19.Rad1 Qf4 20.Qxf4 Bxf4 21.b4 Be5
22.Rd3 a5 23.bxa5 Rxa5 24.Re1 Bf6 25.Na2 g6 26.Nb4 Rc5 27.Rb3 Rc4 28.Reb1 c5
29.Nd3 Rc2 30.Ne1 Ra2 31.Rf3 Kg7 32.g3 c4 33.Rb6 Ra1 34.Rfxf6 Rxe1+ 35.Kg2 d4
36.Rfc6 d3 37.Rd6 Rxd6 38.Rxd6 c3 39.Rxd3 c2  0-1

[Event "19th Open"]
[Site "Kavala GRE"]
[Date "2010.08.02"]
[Round "4"]
[White "Melkumyan,H"]
[Black "Zubarev,Al1"]
[Result "1-0"]
[WhiteElo "2606"]
[BlackElo "2562"]

1.d4 Nf6 2.c4 e6 3.Nf3 Bb4+ 4.Nc3 b6 5.Bg5 Bb7 6.Nd2 h6 7.Bh4 Nc6 8.e3 Ne7
9.Bxf6 gxf6 10.Qb3 c5 11.a3 Bxc3 12.Qxc3 cxd4 13.Qxd4 Nf5 14.Qf4 Qb8 15.Qxb8+ Rxb8
16.Rg1 Ke7 17.Bd3 Nd6 18.Ke2 f5 19.g4 fxg4 20.Rxg4 Rbg8 21.Rh4 f5 22.Rc1 Nf7
23.c5 Ne5 24.Ra4 Rg2 25.Rxa7 Rb8 26.Bb5 Bc6 27.Bxc6 Nxc6 28.Ra4 bxc5 29.b3 Ne5
30.Rf4 c4 31.Nxc4 Nxc4 32.bxc4 Rb2+ 33.Kf1 Rxh2 34.Kg1 Rh5 35.c5 Rb8 36.Kg2 Rg5+
37.Kf3 Ra8 38.Rc3 Ra7 39.Rb4 Rg8 40.Rh4 Rga8 41.Rc1 Rxa3 42.Rg1 Rf8 43.c6 dxc6
44.Rxh6 Rd3 45.Kf4 Kd6 46.Rgg6 Re8 47.Rf6 Rd5 48.Rf7 Re7 49.Rf8 c5 50.Rc8 Rd7
51.Re8 Re5 52.f3 Kd5 53.Rh1 Kd6 54.Rh6 Kd5 55.Rc8 Kd6 56.Ra8 Rd5 57.Ra6+ Kc7
58.Rhxe6 Kb7 59.Reb6+ Kc8 60.Ra8+ Kc7 61.Rf6 Kb7 62.Ra3 c4 63.Rc3 Rc7 64.Rxf5 Rxf5+
65.Kxf5 Kb6 66.f4 Kc5 67.Rc1 Rh7 68.Kg4 Re7 69.Kf3 Kb4 70.e4 Rc7 71.e5 c3
72.f5 Kc4 73.Ke4 Rh7 74.e6 Rh2 75.f6  1-0

[Event "Arctic Chess Challenge"]
[Site "Tromso NOR"]
[Date "2010.08.03"]
[Round "4"]
[White "Babujian,L"]
[Black "Moiseenko,A1"]
[Result "1-0"]
[WhiteElo "2485"]
[BlackElo "2667"]

1.d4 Nf6 2.c4 e6 3.Nc3 Bb4 4.Nf3 b6 5.Bg5 Bb7 6.e3 h6 7.Bh4 g5 8.Bg3 Ne4
9.Nd2 Nxg3 10.hxg3 Bxc3 11.bxc3 d6 12.a4 a5 13.c5 Ke7 14.cxd6+ cxd6 15.e4 Nd7
16.Bd3 Qc7 17.Ra3 Rag8 18.Qe2 g4 19.Rb3 Bc6 20.Bb5 Bxb5 21.Qxb5 Rg5 22.Qc4 Qb7
23.Rb5 Rc8 24.Qd3 Rxb5 25.axb5 Rh8 26.f3 gxf3 27.Qxf3 Qc8 28.O-O Rh7 29.c4 Rg7
30.Qf4 Qg8 31.c5 bxc5 32.Nc4 Rxg3 33.Qxd6+ Ke8 34.Rf2 Rd3 35.Qc7 Rd1+ 36.Kh2 Ke7
37.Ne5 Rxd4 38.Nc6+ Kf8 39.Nxd4  1-0

[Event "19th Open"]
[Site "Kavala GRE"]
[Date "2010.08.04"]
[Round "6"]
[White "Graf,A"]
[Black "Marjanovic,Slavo"]
[Result "1-0"]
[WhiteElo "2590"]
[BlackElo "2505"]

1.d4 Nf6 2.c4 e6 3.Nc3 Bb4 4.Nf3 c5 5.g3 O-O 6.Bg2 cxd4 7.Nxd4 d5 8.cxd5 Nxd5
9.Qb3 Qa5 10.Bd2 Nc6 11.Nxc6 bxc6 12.O-O Bxc3 13.bxc3 Ba6 14.Rfd1 Qc5 15.e4 Bc4
16.Qa4 Nb6 17.Qb4 Qh5 18.Be3 Be2 19.Rd2 Rab8 20.Qc5 Nc4 21.Rc2 a5 22.Qxh5 Bxh5
23.Bc5 Rfd8 24.f3 f6 25.g4 e5 26.gxh5  1-0

[Event "Politiken Cup"]
[Site "Copenhagen DEN"]
[Date "2010.08.05"]
[Round "7"]
[White "Christensen,SvendEl"]
[Black "Brynell,S"]
[Result "0-1"]
[WhiteElo "2226"]
[BlackElo "2495"]

1.d4 Nf6 2.c4 e6 3.Nc3 Bb4 4.Nf3 b6 5.Bg5 h6 6.Bxf6 Qxf6 7.e3 Bb7 8.a3 Bxc3+
9.bxc3 O-O 10.Bd3 d6 11.O-O Nd7 12.Nd2 e5 13.Qg4 Qe7 14.Qf5 Nf6 15.e4 Rfe8
16.Rae1 Rad8 17.Qf3 Qd7 18.Qd1 c5 19.d5 Nh7 20.Re3 Qe7 21.Bc2 Bc8 22.Rg3 Qh4
23.Qe1 Kh8 24.Qe3 Qf4 25.Rf3 Qxe3 26.Rxe3 Bd7 27.Ra1 Rb8 28.Ree1 Kg8 29.Reb1 Kf8
30.Rb2 Rb7 31.Rab1 Reb8 32.f3 Ke7 33.Kf2 Kd8 34.Ke3 Kc7 35.g3 g5 36.Bd3 Nf8
37.Nf1 Ng6 38.Kd2 h5 39.Ne3 a6 40.Be2 Rf8 41.Bd3 Ne7 42.Nf5 Bxf5 43.exf5 Ng8
44.h3 Nf6 45.Ke3 Re8 46.Be4 h4 47.g4 Ra8 48.Kd2 b5 49.Bd3 Raa7 50.cxb5 axb5
51.Rxb5 Rxb5 52.Bxb5 Nxd5 53.Bc4 Nf6 54.Bxf7 Rxa3 55.Kc2 Ra8 56.c4 Ra3 57.Rb3 Ra4
58.Be6 Ra1 59.Rb1 Rxb1 60.Kxb1 e4 61.fxe4 Nxe4 62.Bd5 Nf2 63.Bg2 Nd3 64.Bf1 Nf4
65.Kc2 d5 66.cxd5 Kd6 67.Kd2 Kxd5 68.f6 Ke6 69.Kc3 Nd5+ 70.Kd3 Kxf6 71.Ke4 Nf4
72.Kf3 Ke5 73.Ke3 Kd5 74.Kd2 Kd6 75.Kc2 Nd5 76.Bc4 Ke7 77.Kd3 Nf4+ 78.Kc2 Kd6
79.Bf1 Kd5 80.Kc3 Kd6 81.Kc4 Nd5 82.Be2 Nf6 83.Bf1 Ke5  0-1

[Event "Arctic Chess Challenge"]
[Site "Tromso NOR"]
[Date "2010.08.05"]
[Round "6"]
[White "Babujian,L"]
[Black "Bartel,Mat"]
[Result "1-0"]
[WhiteElo "2485"]
[BlackElo "2613"]

1.d4 Nf6 2.c4 e6 3.Nc3 Bb4 4.Nf3 O-O 5.Bg5 h6 6.Bh4 c5 7.d5 exd5 8.cxd5 d6
9.e3 Nbd7 10.Bd3 Qa5 11.O-O Bxc3 12.bxc3 Qxc3 13.Bg3 c4 14.Be2 Ne4 15.Rc1 Qa5
16.Bxc4 Nxg3 17.hxg3 Nc5 18.Qd4 Re8 19.Qf4 Qd8 20.Nd2 a6 21.Be2 b5 22.a4 Nxa4
23.Ne4 Re5 24.Rc6 Rxd5 25.Nxd6 Be6 26.Rfc1 g5 27.Qe4 Rxd6 28.Rxd6 Qxd6 29.Qxa8+ Kg7
30.Rd1 Qe5 31.Rd8 Qa1+ 32.Kh2 Nb6 33.Rg8+ Kh7 34.Qf8 Nd5 35.Bd3+  1-0

[Event "49th WJun"]
[Site "Chotowa POL"]
[Date "2010.08.06"]
[Round "4"]
[White "Kasyan,A"]
[Black "Golichenko,I"]
[Result "1-0"]
[WhiteElo "2326"]
[BlackElo "2419"]

1.d4 Nf6 2.c4 e6 3.Nc3 Bb4 4.Nf3 c5 5.e3 Nc6 6.Bd3 Bxc3+ 7.bxc3 d6 8.Qc2 e5
9.d5 Ne7 10.O-O O-O 11.Ne1 Ng6 12.f4 exf4 13.exf4 Re8 14.Bd2 Bd7 15.Nf3 Qa5
16.f5 Ne5 17.Bg5 Nxd3 18.Bxf6 Bxf5 19.Ne1 gxf6 20.Nxd3 Bg6 21.Qd2 Qa6 22.Rxf6 Qxc4
23.Nf4 Re4 24.Rf1 Re7 25.h4 Kg7 26.h5 Kxf6 27.hxg6 Re5 28.gxf7 Ke7 29.Ne6 Rxd5
30.Qh6 Kd7 31.f8=Q Rxf8 32.Qxf8 Qxa2 33.Qd8+ Kc6 34.Qc8+ Kb6 35.Qd8+ Kc6
36.Qc7+ Kb5 37.Qxb7+ Kc4 38.Nc7 Rd2 39.Rc1 Qb2 40.Qe4+ Kb3 41.Rf1 a5 42.Nd5 Qc2
43.Qf3 Qd3 44.Ne3 d5 45.Qf4 Qe4  1-0

[Event "Open"]
[Site "Olomouc CZE"]
[Date "2010.08.06"]
[Round "3"]
[White "Juptner,J"]
[Black "Mackowiak,M"]
[Result "1-0"]
[WhiteElo "2383"]
[BlackElo "2194"]

1.d4 Nf6 2.c4 e6 3.Nc3 Bb4 4.Nf3 c5 5.g3 b6 6.Bg2 Bb7 7.d5 exd5 8.Nh4 Ne4
9.O-O Bxc3 10.bxc3 dxc4 11.Qc2 d5 12.Rd1 Qf6 13.Bxe4 dxe4 14.Bf4 O-O 15.Rd6 Qe7
16.Nf5 Qe8 17.Qd2 Nc6 18.Bh6 e3 19.Bxe3 Qe4 20.Nxg7 Rad8 21.Nh5 f6 22.Rxd8 Nxd8
23.f3 Qg6 24.g4 Ne6 25.Qd7 Qf7 26.Rd1 Bc8 27.Qd5 Qb7 28.Bh6 Qxd5 29.Rxd5 Rf7
30.f4 f5 31.gxf5 Nf8 32.e4 Nd7 33.f6 Bb7 34.Rg5+ Kh8 35.e5 Bd5 36.Ng7 Nxf6
37.exf6 Rxf6 38.Rxd5 Rxh6 39.Nf5 Rg6+ 40.Kf2 h5 41.Ne3 h4 42.Nxc4 Rg4 43.Kf3 Rg1
44.Rh5+ Kg7 45.Rg5+  1-0

[Event "Arctic Chess Challenge"]
[Site "Tromso NOR"]
[Date "2010.08.06"]
[Round "7"]
[White "Babujian,L"]
[Black "Van Wely,L"]
[Result "0-1"]
[WhiteElo "2485"]
[BlackElo "2677"]

1.d4 Nf6 2.c4 e6 3.Nc3 Bb4 4.Nf3 c5 5.g3 cxd4 6.Nxd4 Ne4 7.Qd3 Nxc3 8.bxc3 Be7
9.Nb5 Nc6 10.Nd6+ Bxd6 11.Qxd6 Qa5 12.Bd2 Qe5 13.Qd3 Qc7 14.Bf4 e5 15.Be3 d6
16.c5 d5 17.Bg2 Be6 18.f4 O-O 19.O-O e4 20.Qb5 f5 21.Rab1 Rf7 22.Rfd1 Rd7
23.Rb2 Rc8 24.Bf1 Qd8 25.Qa4 Qe7 26.Bd4 h6 27.e3 a6 28.Rb6 Rdc7 29.Rdb1 Kh7
30.Qb3 Na5 31.Qb4 Nc6 32.Qb2 Nd8 33.Kf2 Qf7 34.Be2 Rc6 35.Ke1 R8c7 36.Be5 Rd7
37.Qa3 Qe7 38.Bd6 Qe8 39.Rxc6 Nxc6 40.Qa4 Nd8 41.Rb6 Bf7 42.g4 fxg4 43.Bxg4 Be6
44.f5 Bf7 45.Be2 Bg8 46.Bf4 Qe7 47.Rd6 Rc7 48.Qa5 Rc8 49.f6 gxf6 50.Bg4 Be6
51.Rxd8 Bxg4 52.Rxc8 Bxc8 53.Qc7 Qxc7 54.Bxc7 Kg6 55.Kf2 Kf7 56.Bf4 h5 57.Ke2 Ke6
58.Kd2 Kd7 59.Bh6 Kc6 60.Bg7 f5 61.Bf8 Kb5 62.Kc2 Kc4 63.Bd6 Bd7 64.h4 Be6
65.Kd2 Bf7 66.Kc2 Be8 67.Kd2 Ba4 68.Be7 Kb5 69.Bd6 Kc6 70.Be7 Bb5 71.Bf8 Bc4
72.a3 Bb3 73.Kc1 Kb5 74.Bd6 Kc4 75.Kb2 Ba4 76.Bf4 Kxc5 77.Kc1 Kc4 78.Kd2 Kb3
79.Bd6 Bd7 80.Bc5 b6 81.Bd6 a5 82.Be7 f4 83.exf4 Bf5 84.Bd6 b5 85.Bc5 Kc4
86.Bb6 b4 87.cxb4 axb4 88.axb4 d4 89.b5 Bd7 90.f5 Bxf5 91.Ba7 e3+ 92.Ke2 Bd7
93.b6 Bg4+ 94.Ke1  0-1

[Event "Troya Open"]
[Site "Canakkale TUR"]
[Date "2010.08.07"]
[Round "1"]
[White "Morchiashvili,B"]
[Black "Guven,B"]
[Result "1-0"]
[WhiteElo "2363"]
[BlackElo "1735"]

1.d4 Nf6 2.c4 e6 3.Nf3 Bb4+ 4.Nc3 O-O 5.Bg5 d5 6.e3 h6 7.Bh4 g5 8.Bg3 Ne4
9.Qc2 h5 10.Bd3 f5 11.O-O-O c6 12.Bxe4 fxe4 13.h4 g4 14.Ne5 Qf6 15.f3 Bxc3
16.bxc3 exf3 17.gxf3 Qf5 18.e4 Qh7 19.Rde1 Nd7 20.fxg4 hxg4 21.Nxg4 dxe4
22.Rhg1 Kf7 23.Rxe4 Qh5 24.Bd6 Rg8 25.Qf2+ Ke8 26.Nf6+ Nxf6 27.Rxg8+ Nxg8
28.Qf8+ Kd7 29.Qg7+ Kxd6 30.c5+ Kd5 31.Re5+ Qxe5 32.Qxe5+ Kc4 33.Kc2 Ne7
34.Qe2+ Kd5 35.Kd3 Ng6 36.c4+  1-0

[Event "Open"]
[Site "Minsk BLR"]
[Date "2010.08.08"]
[Round "5"]
[White "Zhigalko,A"]
[Black "Zaiatz,E"]
[Result "1-0"]
[WhiteElo "2591"]
[BlackElo "2398"]

1.d4 Nf6 2.c4 e6 3.Nc3 Bb4 4.Nf3 b6 5.Bg5 h6 6.Bh4 Bb7 7.Nd2 Bxc3 8.bxc3 d6
9.f3 Nbd7 10.e4 Qe7 11.Bd3 e5 12.Nf1 exd4 13.cxd4 d5 14.cxd5 g5 15.Bf2 Nxd5
16.Ng3 Qb4+ 17.Qd2 Nf4 18.Bf1 Qxd2+ 19.Kxd2 O-O-O 20.Nf5 Nf6 21.Re1 h5 22.Be3 h4
23.Rg1 Kb8 24.Kc3 Bc8 25.Ne7 Bd7 26.g3 Rde8 27.gxf4 gxf4 28.Bxf4 Rxe7 29.Bc4 Ne8
30.e5 Bf5 31.d5 a6 32.Bxa6 f6 33.d6 Reh7 34.Bc4 fxe5 35.Bxe5 Rf8 36.Rg8 Rxg8
37.Bxg8 Rd7 38.dxc7+ Nxc7 39.Rg1 Kc8 40.Bc4 b5 41.Bb3 Nd5+ 42.Kd4 Nb4+ 43.Ke3 Re7
44.Kf4 Be6 45.Bxe6+ Rxe6 46.Kf5 Ra6 47.Rc1+ Kd7 48.Rb1 Nc6 49.Rb2 b4 50.f4 Ra3
51.Rd2+ Kc8 52.Bd6 h3 53.Kg4 Rc3 54.f5 b3 55.f6 Nd8 56.axb3 Rxb3 57.Be7 Nf7
58.Kf5 Rb1 59.Ke6 Nh6 60.Rd5 Rg1 61.Rc5+ Kb7 62.Rh5 Re1+ 63.Kd7 Nf7 64.Rxh3 Rd1+
65.Ke8 Ng5 66.f7  1-0

[Event "GM1 Valoz Cup"]
[Site "Olomouc CZE"]
[Date "2010.08.08"]
[Round "5"]
[White "Rojicek,V"]
[Black "Voloshin,L"]
[Result "1/2-1/2"]
[WhiteElo "2423"]
[BlackElo "2453"]

1.d4 Nf6 2.c4 e6 3.Nc3 Bb4 4.Nf3 b6 5.Bg5 h6 6.Bh4 Bxc3+ 7.bxc3 Bb7 8.e3 d6
9.Nd2 Nbd7 10.f3 Qe7 11.Qa4 e5 12.Bf2 O-O 13.Be2 Nh7 14.Bd3 Nhf6 15.Be2 Nh7
16.Bd3  1/2-1/2

[Event "GM"]
[Site "Stara Pazova SRB"]
[Date "2010.08.08"]
[Round "10"]
[White "Bodiroga,P"]
[Black "Todorovic,GN"]
[Result "1/2-1/2"]
[WhiteElo "2406"]
[BlackElo "2398"]

1.d4 Nf6 2.c4 e6 3.Nc3 Bb4 4.Nf3 c5 5.g3 cxd4 6.Nxd4 Ne4 7.Qd3 Qa5 8.Nb3 Nxc3
9.Bd2 Ne4 10.Qxe4 Bxd2+ 11.Nxd2 Nc6 12.Bg2 O-O 13.Qf4 e5 14.Qe3 Nd4 15.Qd3 d6
16.O-O Bf5 17.Ne4 b5 18.e3 bxc4 19.Qd1 Ne6 20.Nxd6 Bd3 21.Bxa8 Rxa8 22.Qf3 Rf8
23.Rfc1 Qc5 24.Ne4 Qb4 25.h4 f5 26.Nc3 e4 27.Qd1 Qxb2 28.a3 Qb6 29.Ra2 Qd6
30.Ne2 Rb8 31.Rxc4 Qd5 32.Rcc2  1/2-1/2

[Event "Troya Open"]
[Site "Canakkale TUR"]
[Date "2010.08.09"]
[Round "3"]
[White "Morchiashvili,B"]
[Black "Tasan,M"]
[Result "1-0"]
[WhiteElo "2363"]
[BlackElo "2091"]

1.d4 Nf6 2.c4 e6 3.Nf3 Bb4+ 4.Nc3 O-O 5.Bg5 d5 6.e3 Nbd7 7.cxd5 exd5 8.Bd3 c6
9.Qc2 h6 10.Bh4 Re8 11.O-O a5 12.Rad1 Qb6 13.Na4 Qc7 14.a3 Bd6 15.Nc3 g5
16.Bg3 Bxg3 17.fxg3 Qd6 18.Rde1 b5 19.e4 dxe4 20.Nxe4 Nxe4 21.Bxe4 Bb7 22.Qf2 Re7
23.Ne5 Nxe5 24.dxe5 Qe6 25.Bf5 Qd5 26.e6 Rf8 27.exf7+ Qxf7 28.Be6 Rxe6 29.Rxe6  1-0

[Event "Negroponte Open"]
[Site "Chalkis GRE"]
[Date "2010.08.09"]
[Round "1"]
[White "Neverov,V"]
[Black "Savoglou,N"]
[Result "1-0"]
[WhiteElo "2544"]
[BlackElo "1933"]

1.d4 e6 2.Nf3 Nf6 3.c4 Bb4+ 4.Nc3 c5 5.e3 O-O 6.Bd3 d5 7.O-O dxc4 8.Bxc4 b6
9.a3 Ba5 10.Qe2 Bb7 11.Rd1 Bxc3 12.bxc3 Qc8 13.Ba2 Nbd7 14.Bb2 Qc7 15.c4 cxd4
16.exd4 Qf4 17.Rac1 Rfd8 18.d5 exd5 19.cxd5 Rac8 20.h3 Re8 21.Rxc8 Rxc8 22.Rd4 Qf5
23.g4 Qc2 24.Rd2 Qe4 25.Qd1 Ba6 26.Bb1 Qf4 27.Rd4 Qd6 28.g5 Ne8 29.Rh4 Rc4
30.Bxh7+ Kf8 31.Be4 Kg8 32.Nd2  1-0

[Event "Negroponte Open"]
[Site "Chalkis GRE"]
[Date "2010.08.09"]
[Round "1"]
[White "Adamopoulos,I"]
[Black "Papaioannou,I"]
[Result "0-1"]
[WhiteElo "2079"]
[BlackElo "2621"]

1.d4 Nf6 2.c4 e6 3.Nc3 Bb4 4.Nf3 c5 5.g3 O-O 6.Bg2 cxd4 7.Nxd4 d5 8.cxd5 Nxd5
9.Bd2 Nb6 10.Nc2 Be7 11.b3 Nc6 12.O-O e5 13.Be3 Be6 14.Qxd8 Rfxd8 15.Rfd1 Rac8
16.Bxb6 Rxd1+ 17.Rxd1 axb6 18.Nd5 Bd8 19.Ncb4 Nd4 20.e3 Bg4 21.Ra1 Nf3+ 22.Kh1 f5
23.h3 Bh5 24.g4 fxg4 25.hxg4 Bxg4 26.e4 Bg5 27.Ne3 Bxe3 28.fxe3 Nh4 29.Kh2 h5
30.Kg3 g5 31.Bh3 Bxh3 32.Kxh3 Rf8 33.Rg1 Nf3 34.Rd1 Kg7 35.Rd6 Rf6 36.Rxf6 g4+
37.Kg3 Kxf6 38.Nd5+ Kg5 39.Nxb6 h4+ 40.Kf2 h3 41.Nd5 h2 42.Kg2 g3 43.Nc3 Ne1+
44.Kh1 Nd3  0-1

[Event "49th WJun"]
[Site "Chotowa POL"]
[Date "2010.08.12"]
[Round "9"]
[White "Anton,T"]
[Black "Arun,Ka"]
[Result "1/2-1/2"]
[WhiteElo "2350"]
[BlackElo "2289"]

1.d4 Nf6 2.c4 e6 3.Nc3 Bb4 4.Nf3 b6 5.Bg5 Bb7 6.Nd2 c5 7.d5 h6 8.Bh4 exd5
9.cxd5 Qe7 10.Qc2 Bxc3 11.bxc3 Bxd5 12.O-O-O g5 13.Bg3 Ne4 14.Nxe4 Qxe4 15.Qd2 Be6
16.h4 g4 17.f3 Qa4 18.Be5 Rg8 19.Qxh6 Nc6 20.Bf6 Qxa2 21.Qh7 Ne7 22.Qc2 Qxc2+
23.Kxc2 Rg6 24.Be5 f6 25.h5 Rh6 26.Bf4 Rh7 27.e4 Kf7 28.Bb5 gxf3 29.gxf3 d5
30.Bd3 c4 31.Be2 Rg8 32.Rh2 b5 33.h6 a5 34.Rb1 Bd7 35.Be3 Bc6 36.Rh4 Rg2
37.Kd1 Ke6 38.Rh5 f5 39.Bd4 Rg6 40.Be3 fxe4 41.fxe4 Rg3 42.Kd2 b4 43.exd5+ Bxd5
44.cxb4 c3+ 45.Kxc3 Rxe3+ 46.Kd2 Re5 47.bxa5 Rxh5 48.Bxh5 Rxh6 49.Rb6+ Nc6
50.Be8 Kd6 51.Bxc6 Bxc6 52.Rb2 Rh5 53.Ke3 Rxa5 54.Rd2+ Bd5 55.Kd3 Ra3+ 56.Kd4 Ra4+
57.Kd3 Ke5 58.Re2+ Be4+ 59.Kc3 Rd4 60.Rd2 Ra4 61.Rd8 Ra3+ 62.Kd2 Bd5 63.Rd7 Kd4
64.Rc7 Rd3+ 65.Ke2 Rg3 66.Rd7 Rg2+ 67.Kd1 Ke4 68.Rd8 Bb3+ 69.Ke1 Bc4 70.Re8+ Kd4
71.Rd8+ Kc3 72.Rc8 Re2+ 73.Kd1 Rf2 74.Re8 Rf1+ 75.Re1 Rf6 76.Re8 Rf7 77.Re3+ Bd3
78.Re8 Rf1+ 79.Re1 Rf2 80.Re8 Ba6 81.Re7 Bb5 82.Re3+ Bd3 83.Re8 Rf6 84.Re7 Ra6
85.Ke1 Ra2 86.Re8 Kd4 87.Kd1 Be4 88.Rd8+ Ke3 89.Rc8 Rd2+ 90.Kc1 Ke2 91.Rc5 Ra2
92.Rc8 Ke3 93.Rd8 Rh2 94.Rc8 Rg2 95.Rc7 Rg1+ 96.Kb2 Rb1+ 97.Ka3  1/2-1/2

[Event "85th ch-FRA"]
[Site "Belfort FRA"]
[Date "2010.08.13"]
[Round "5"]
[White "Bacrot,E"]
[Black "Sokolov,And1"]
[Result "1-0"]
[WhiteElo "2720"]
[BlackElo "2596"]

1.d4 Nf6 2.c4 e6 3.Nc3 Bb4 4.Nf3 b6 5.Bg5 Bb7 6.Nd2 Nc6 7.e3 Ne7 8.Bxf6 gxf6
9.Qb3 Bxc3 10.Qxc3 Ng6 11.e4 Qe7 12.O-O-O e5 13.d5 c6 14.Kb1 O-O-O 15.g3 Kb8
16.h4 Rc8 17.Qf3 Rhd8 18.Bh3 Nf8 19.Rc1 cxd5 20.cxd5 Qb4 21.Qe3 Ba6 22.a3 Qb5
23.Ka2 Qa4 24.b3 Qa5 25.Kb2 Rxc1 26.Rxc1 Rc8 27.Rxc8+ Kxc8 28.b4 Qa4 29.Qf3 Ng6
30.Qxf6 Bd3 31.Qc6+ Qxc6 32.dxc6 Kc7 33.Bxd7 Ne7 34.Kc3 Bb5 35.Nf3 f6 36.Nh2 Bxc6
37.Bxc6 Kxc6 38.Ng4 Ng8 39.a4 a6 40.Ne3 Ne7 41.Kd3 b5 42.axb5+ axb5 43.f3 Kd6
44.Nf5+ Ke6 45.Nxe7 Kxe7 46.Ke3 Kf7 47.Kf2 Kg6 48.Kg2 f5 49.exf5+ Kxf5 50.Kf2  1-0

[Event "Match"]
[Site "Mukachevo UKR"]
[Date "2010.08.14"]
[Round "3"]
[White "Efimenko,Z"]
[Black "Naiditsch,A"]
[Result "1/2-1/2"]
[WhiteElo "2689"]
[BlackElo "2684"]

1.d4 Nf6 2.c4 e6 3.Nc3 Bb4 4.Nf3 c5 5.g3 O-O 6.Bg2 cxd4 7.Nxd4 d5 8.cxd5 Nxd5
9.Qb3 Qa5 10.Bd2 Nc6 11.Nxc6 bxc6 12.O-O Bxc3 13.bxc3 Ba6 14.Rfd1 Qc5 15.e4 Bc4
16.Qa4 Nb6 17.Qb4 Qh5 18.Re1 c5 19.Qa5 Rfc8 20.Be3 Be2 21.Bf4 Bd3 22.Rad1 Be2
23.Rc1 Bd3 24.Bd6 e5 25.Bxc5 Nc4 26.Qb5 a6 27.Qd7 Be2 28.Be7 Bg4 29.Qb7 f6
30.Bc5 Qe8 31.Be3 Be6 32.Bf1 Rcb8 33.Qc7 Rc8 34.Qb7 Rcb8  1/2-1/2

[Event "7th CHN-RUS w Rapid"]
[Site "Ningbo CHN"]
[Date "2010.08.14"]
[Round "18"]
[White "Tan Zhongyi"]
[Black "Pogonina,N"]
[Result "1-0"]
[WhiteElo "2461"]
[BlackElo "2501"]

1.d4 Nf6 2.c4 e6 3.Nc3 Bb4 4.Nf3 d5 5.Bg5 h6 6.Bh4 g5 7.Bg3 dxc4 8.e3 b5
9.a4 c6 10.Be2 Ne4 11.Qc2 Nxg3 12.hxg3 Bb7 13.O-O a6 14.Ne5 Nd7 15.Ne4 Be7
16.Nxf7 Kxf7 17.Bh5+ Kf8 18.f4 g4 19.f5 e5 20.f6 Bb4 21.Ng5 hxg5 22.Qg6  1-0

[Event "XI Miquel Mas Open"]
[Site "Figueres ESP"]
[Date "2010.08.16"]
[Round "7"]
[White "Ruiz Munoz,Jose Carlos"]
[Black "Lasinskas,P"]
[Result "0-1"]
[WhiteElo "1820"]
[BlackElo "2180"]

1.d4 Nf6 2.c4 e6 3.Nf3 Bb4+ 4.Nc3 b6 5.Bd2 Bb7 6.e3 O-O 7.Bd3 a5 8.a3 Bxc3
9.Bxc3 Ne4 10.Qc2 f5 11.O-O-O d6 12.Rdg1 Nd7 13.h4 Qf6 14.Ng5 Nxg5 15.d5 e5
16.hxg5 Qf7 17.g4 e4 18.Be2 Ne5 19.Bxe5 dxe5 20.gxf5 Qxf5 21.Bg4 Qg6 22.Bh5 Qd6
23.Qxe4 g6 24.Bg4 Rxf2 25.Be6+ Qxe6 26.Qh4 Qf7 27.Qg3 Qf5 28.e4 Qf4+ 29.Qxf4 Rxf4
30.Re1 Raf8 31.Rhg1 Rf2 32.Rd1 a4 33.d6 cxd6 34.Rxd6 Bxe4 35.Re1 Rc2+ 36.Kd1 Rxc4
37.Rxb6 Rf2 38.Rb8+ Kf7 39.Rd8 Bf3+  0-1

[Event "46th Akiba Rubinstein Open A"]
[Site "Polanica Zdroj POL"]
[Date "2010.08.20"]
[Round "2"]
[White "Furman,Bo"]
[Black "Kacprzak,R"]
[Result "1-0"]
[WhiteElo "2237"]
[BlackElo "1923"]

1.d4 Nf6 2.c4 e6 3.Nc3 Bb4 4.Nf3 O-O 5.Bg5 c5 6.e3 h6 7.Bh4 Qa5 8.Bxf6 Bxc3+
9.bxc3 Qxc3+ 10.Nd2 gxf6 11.d5 Qe5 12.Bd3 exd5 13.cxd5 Qxd5 14.Ne4 Qf5 15.Nd6 Qe5
16.Nf5 Kh8 17.O-O d5 18.f4  1-0

[Event "6th Geller Memorial Open A"]
[Site "Odessa UKR"]
[Date "2010.08.22"]
[Round "2"]
[White "Grigoryev,J"]
[Black "Ivanov,VA UKR"]
[Result "0-1"]
[WhiteElo "1861"]
[BlackElo "2084"]

1.d4 Nf6 2.c4 e6 3.Nc3 Bb4 4.Nf3 O-O 5.e3 b6 6.Bd3 Bb7 7.O-O Bxc3 8.bxc3 Ne4
9.Qc2 f5 10.Nd2 Nxd2 11.Bxd2 Qh4 12.f3 d6 13.e4 f4 14.Bc1 Qh5 15.Qf2 g5 16.g3 Nd7
17.gxf4 Rxf4 18.Bd2 Raf8 19.Bxf4 Rxf4 20.Qg3 h6 21.Rf2 Nf6 22.h3 Qf7 23.Kh2 Nh5
24.Qg2 Rh4 25.Bf1 Bc8 26.f4 Nxf4 27.Rxf4 Rxf4 28.Kg1 e5 29.Be2 Qg6 30.Bd3 Qh5
31.Bf1 Kh7 32.Re1 g4 33.Be2 Qh4 34.Rf1 gxh3 35.Rxf4 Qxf4 36.Qf2 Qxf2+ 37.Kxf2 Kg6
38.dxe5 dxe5 39.c5 Kg5 40.cxb6 axb6 41.Kg3 h5 42.Bf3 Bg4 43.Bh1 h4+ 44.Kf2 Kf4  0-1

[Event "TCh-SRB 1st League"]
[Site "Vrnjacka Banja SRB"]
[Date "2010.08.22"]
[Round "2"]
[White "Sedlak,N"]
[Black "Volokitin,And"]
[Result "0-1"]
[WhiteElo "2557"]
[BlackElo "2661"]

1.d4 Nf6 2.c4 e6 3.Nc3 Bb4 4.Nf3 b6 5.Bg5 h6 6.Bh4 g5 7.Bg3 Ne4 8.Qd3 f5
9.Be5 Rg8 10.d5 Na6 11.a3 Nac5 12.Qc2 Bxc3+ 13.Bxc3 Bb7 14.Rd1 g4 15.Nd4 Qg5
16.Nb5 g3 17.fxg3 O-O-O 18.Bd4 a6 19.Nc3 Nxc3 20.Qxc3 Ne4 21.Qc1 Qh5 22.c5 b5
23.e3 Rxg3 24.c6 dxc6 25.dxc6 Ba8 26.hxg3 Qxh1 27.Be5 Rxd1+ 28.Qxd1 Bxc6
29.b3 Qg1 30.Qf3 Bd5 31.Qf4 Bxb3 32.Bxc7 Bc4  0-1

[Event "Open"]
[Site "Bratto ITA"]
[Date "2010.08.23"]
[Round "4"]
[White "Chatalbashev,B"]
[Black "Brunello,S"]
[Result "1/2-1/2"]
[WhiteElo "2613"]
[BlackElo "2488"]

1.d4 Nf6 2.c4 e6 3.Nc3 Bb4 4.Nf3 b6 5.Qb3 Qe7 6.Bg5 Bb7 7.e3 Bxc3+ 8.Qxc3 h6
9.Bh4 g5 10.Bg3 Ne4 11.Qc2 d6 12.Bd3 f5 13.d5 exd5 14.cxd5 Bxd5 15.Nd4 O-O  1/2-1/2

[Event "Open"]
[Site "Bratto ITA"]
[Date "2010.08.24"]
[Round "5"]
[White "Landa,K"]
[Black "Iordachescu,V"]
[Result "1/2-1/2"]
[WhiteElo "2598"]
[BlackElo "2623"]

1.d4 Nf6 2.c4 e6 3.Nc3 Bb4 4.Nf3 c5 5.g3 cxd4 6.Nxd4 O-O 7.Bg2 d5 8.cxd5 Nxd5
9.Qb3 Nc6 10.Nxc6 bxc6 11.O-O Rb8 12.a3 Nxc3 13.bxc3 Bd6 14.Qa4 Qc7 15.Qxc6 Qxc6
16.Bxc6 Rb3 17.Rd1 Be5 18.Bd2 Bxc3 19.Bxc3 Rxc3 20.Bf3 e5 21.Rdc1 Rxc1+ 22.Rxc1 Bh3
23.Bb7 Rd8 24.f3 Be6 25.Rc5 f6 26.Ra5 Rd2 27.Kf1 Bc4 28.Rxa7 Rd1+ 29.Kf2 Rd2
30.Kf1 Rd1+ 31.Kf2 Rd2  1/2-1/2

[Event "TCh-SRB 1st League"]
[Site "Vrnjacka Banja SRB"]
[Date "2010.08.24"]
[Round "4"]
[White "Ostojic,N1"]
[Black "Martinovic,Sl"]
[Result "1-0"]
[WhiteElo "2455"]
[BlackElo "2425"]

1.d4 Nf6 2.c4 e6 3.Nc3 Bb4 4.Nf3 c5 5.g3 cxd4 6.Nxd4 O-O 7.Bg2 d5 8.cxd5 Nxd5
9.Qb3 Nc6 10.Nxc6 bxc6 11.O-O Bxc3 12.bxc3 Ba6 13.Ba3 Bxe2 14.Rfe1 Rb8 15.Qc2 Bc4
16.Re4 Nb6 17.Rd1 Bd5 18.Rh4 f5 19.c4 Rf7 20.cxd5 cxd5 21.Qe2 Qd7 22.Bb2 Rc8
23.Qh5 h6 24.Qg6 Nc4 25.Ba1 Qa4 26.Bf3  1-0

[Event "25th Open"]
[Site "Schwarzach AUT"]
[Date "2010.08.25"]
[Round "5"]
[White "Bodiroga,P"]
[Black "Palac,M"]
[Result "1/2-1/2"]
[WhiteElo "2406"]
[BlackElo "2562"]

1.d4 Nf6 2.c4 e6 3.Nc3 Bb4 4.Nf3 c5 5.g3 Bxc3+ 6.bxc3 Qa5 7.Bd2 b6 8.Bg2 Bb7
9.O-O O-O 10.Qb3 Rc8 11.Rfc1 h6 12.Be3 d6 13.Bf4  1/2-1/2

[Event "TCh-ESP CECLUB Honor"]
[Site "Sestao ESP"]
[Date "2010.08.25"]
[Round "3"]
[White "Ubilava,E"]
[Black "Ibarra Jerez,JC"]
[Result "1/2-1/2"]
[WhiteElo "2528"]
[BlackElo "2520"]

1.d4 Nf6 2.c4 e6 3.Nc3 Bb4 4.Nf3 Ne4 5.Qc2 f5 6.g3 b6 7.Bg2 Bb7 8.O-O Nxc3
9.bxc3 Be4 10.Qa4 Be7 11.d5 O-O 12.Rd1 Qc8 13.Be3 Bf6 14.Qb3 Na6 15.dxe6 dxe6
16.Ne1 Bxg2 17.Nxg2 e5 18.Rd5 f4 19.gxf4 exf4 20.Bxf4 Nc5  1/2-1/2

[Event "Open"]
[Site "Bratto ITA"]
[Date "2010.08.26"]
[Round "7"]
[White "Rombaldoni,D"]
[Black "Marin,Mi"]
[Result "0-1"]
[WhiteElo "2493"]
[BlackElo "2597"]

1.d4 Nf6 2.c4 e6 3.Nc3 Bb4 4.Nf3 b6 5.Bg5 Bb7 6.e3 h6 7.Bh4 g5 8.Bg3 Ne4
9.Qc2 Bxc3+ 10.bxc3 Nxg3 11.fxg3 Nc6 12.Bd3 g4 13.Nh4 Qf6 14.Qe2 h5 15.Rf1 Qg7
16.Kf2 Rh6 17.Kg1 Rf6 18.Rfb1 Kf8 19.Rb5 Rh6 20.Rf1 Ba6 21.Rbb1 Re8 22.Rf4 Rf6
23.Rxf6 Qxf6 24.Rf1 Qg5 25.Qf2 Nd8 26.Ng6+ Kg8 27.Qf4 Qxf4 28.Nxf4 f5 29.Nxh5 Rf8
30.Nf4 Nc6 31.h3 Na5 32.hxg4 fxg4 33.c5 Bxd3 34.Nxd3 Nc4 35.Rxf8+ Kxf8 36.cxb6 cxb6
37.e4 Nd2 38.Nf2 b5 39.e5 Kf7 40.Nd1 Ne4 41.Kf1 Kg6 42.Ke2 Kg5 43.Ke3 Kf5
44.a3 a6 45.Kd3 Nxg3 46.c4 bxc4+ 47.Kxc4 Kf4 48.Nb2 Nf5 49.Nd3+ Kg3 50.Nc5 Kxg2
51.Nxd7 g3 52.Nc5 Kf1  0-1

[Event "Open"]
[Site "Bratto ITA"]
[Date "2010.08.27"]
[Round "8"]
[White "Chatalbashev,B"]
[Black "Cebalo,M"]
[Result "1/2-1/2"]
[WhiteElo "2613"]
[BlackElo "2500"]

1.d4 Nf6 2.c4 e6 3.Nc3 Bb4 4.Nf3 b6 5.Bg5 h6 6.Bh4 Bb7 7.Nd2 g5 8.Bg3 Nh5
9.Be5 f6 10.e4 fxe5 11.Qxh5+ Ke7 12.dxe5 Nc6 13.h4 Qg8 14.Rc1 Qg7 15.a3 Bc5
16.Nb3 Qxe5 17.Nxc5 bxc5 18.g3 Raf8 19.Bg2 Qf6 20.O-O gxh4 21.Qxc5+ Kd8 22.e5 Qg7
23.Rcd1 hxg3 24.f4 Qe7 25.Qxe7+ Kxe7 26.Ne4 Nb8 27.Nf6 Bxg2 28.Kxg2 d6 29.c5 dxe5
30.fxe5 Rd8 31.Kxg3 Nc6 32.Kf4 a5 33.Ke4 Rhf8 34.Rxd8 Rxd8 35.Rg1 Kf7 36.Ng4 Rd4+
37.Ke3 h5 38.Nh6+ Ke8 39.Ng8 Kf7 40.Nh6+ Ke8 41.Ng8 Kf7  1/2-1/2